000 00939cam a22003377a 4500
003 CHAP
005 20220817043551.0
008 990813d1994 it a rn 00110 eng d
010 _a78705
011 _a79677
020 _a9251031630
035 _a90062
040 _cCHAP
082 0 4 _a658.312404
_bF3 v.24
110 2 _aFAO
245 1 0 _aHandbook on small-scale freshwater fish farming
_c/by FAO
260 _aRome :
_bFAO,
_c1994.
300 _a105 p. :
_bilus.
410 2 _aFAO
490 0 _aCapacitación
_v; 24
590 _aBATCH-UPD
_b10
_c20130110
_lUCH01
_h1415
590 _aCONVERSION
_b10
_c20130109
_lUCH01
_h1344
650 1 4 _aPesca continental.
_987434
650 1 4 _aPiscicultura.
_988531
810 0 _aFAO
830 0 _aCapacitación
_v; 24
_918691
901 _aBK
905 _aLilia Sánchez G.
942 _cLIBRO
949 _a658.312404 F3 v.24
_bBC
_cFAO
_d33724000737441
_eFAO1
_h96152
_i90062
_kDonaciØn
_sb
999 _c78705
_d78705